01715cam a2200325 i 45000010009000000050017000090080041000260100015000670200042000820200038001240400033001620820021001951000040002162450119002562600066003753000024004415000024004655040031004895050455005206500046009756500032010216500030010536500043010836530025011266550024011516500034011759420021012099990017012309520142012471771609720201128021150.0130429s2014 xxu frb f001 0 eng d a2013015857 a9781107027206 (hardback : alk. paper) a9781107609617 (pbk. : alk. paper) aDLCbengcDLCdDLCdEG-ScBUE00a332.042222bSHA1 aSharma, Shalendra D.,d1958-91277510aGlobal financial contagion :bbuilding a resilient world economy after the subprime crisis /cShalendra D. Sharma. aNew York, United States :bCambridge University Press,c2014. ax, 394 p. ;c24 cm. aIndex : p. 369-394. aBibliography : p. 331-368.0 aThe United States: why the trigger ?-The Bush and Obama administration's response-From the American to the European crisis-The Eurozone's sovereign debt crisis-Russia : not an exceptional country- China : from crisis management to rebalancing-Japan, South Korea and India : impact and recovery -The Middle-East amidst the global financial crisis-The Great Recession and the world's poorest-G-20 world : economic governance for the post-crisis world.  0aGlobal Financial Crisis, 2008-2009912473 0aInternational finance91619 0aInternational trade94508 0aInternational economic relations93036 bBUSADMcDecember2014 vreading book934232 091135aInternational relations 2ddck332.042 SHA c18781d18753 00102ddc40708BaccahaMAINbMAINc1STd2014-12-15epurchaseg245.00h20677l0o332.042 SHAp000037178r2025-07-15 00:00:00v306.25yBB